| 000 | 00743nam a22002177a 4500 | ||
|---|---|---|---|
| 003 | OSt | ||
| 005 | 20260602125052.0 | ||
| 008 | 260602b |||||||| |||| 00| 0 eng d | ||
| 020 | _a9781800922129 | ||
| 040 | _aKenya National Library Service | ||
| 082 | _a746.43 PAS | ||
| 100 |
_aPåskesen, Trine Frank _eAuthor |
||
| 245 |
_aClassic Nordic knits for kids : _b21 beautiful designs / _cTrine Frank Påskesen. |
||
| 300 |
_a144 pages : _c27 cm. |
||
| 520 | _aDiscover a charming collection of 21 gorgeous, Nordic-inspired knitted designs, to suit children up to 6 years. | ||
| 650 | _aTextile arts. | ||
| 650 | _aKnitting. | ||
| 942 |
_2ddc _cBK _n0 |
||
| 999 |
_c492957 _d492957 |
||